000 00316nam a2200109Ia 4500
008 171211s9999 xx 000 0 und d
245 _aLa grande histoire du Festival de Cannes (1939-2017)
245 _cFrédéric Vidal
260 _c2017
650 _xcinema
856 _uhttp://down.ebook777.com/063/2809822476.pdf
999 _c348747
_d348747